太鼓の達人 基本BPMが240以上の楽曲 - Statistics

General Stats
  • This quiz has been taken 20 times
  • The average score is 34 of 114
Answer Stats
BPM Answer % Correct
360 ココロボ
85%
300 幽玄ノ乱
85%
300 神竜 〜Shinryu〜
77%
320 双竜ノ乱
69%
300 第六天魔王
69%
295 憎悪と醜悪の花束
69%
300 Infinite Rebellion
69%
300 poxei◇DOON
69%
280 まださいたま2000
62%
333 Emma
62%
310 アンリミテッドゲームズ
54%
308 懐中庭園を持つ少女
54%
255 オペレート・ミー
54%
240 そして勇者は眠りにつく
54%
280 スーハー2000
54%
240 またさいたま2000
54%
300 23時54分、陽の旅路へのプレリュード
54%
243 Vixtory
54%
290 Xa
54%
306 竜と黒炎の姫君
46%
286 みかんのうた
46%
240 デッド・オア・ダイ
46%
270 Irregular Clock
46%
266 Taiko Drum Monster
46%
277 The Future of the 太鼓ドラム
46%
284 螺旋周回軌道
38%
280 コネクトカラーズ
38%
280 狂瀾怒濤
38%
272 疾風怒濤
38%
250 はやさいたま2000
38%
284 Central Dogma Pt.1
38%
260 for Q
38%
240 GIGALODOON
38%
376 LΔchesis
38%
300 Pixel Galaxy
38%
248 UFO Swingin’
38%
350 チルノのパーフェクトさんすう教室 ⑨周年バージョン
31%
282 夏祭り / ジッタリン・ジン
31%
270 束ね糸
31%
270 χ談
31%
260 重金属フューギティブ
31%
256 !!!カオスタイム!!!
31%
245 チャーリー ダッシュ!
31%
240 冷凍庫CJ 〜嗚呼面太鼓ブラザーズ〜
31%
303 CRUXNAUT
31%
346 FLOWER
31%
266 Got more raves?
31%
240 刻竜 〜Kokuryu〜
31%
252 ≠MM
31%
268 Phantom Rider
31%
258 Spectral Rider
31%
290 セツナトリップ
23%
290 森羅万象
23%
260 幕末維新譚
23%
256 !!!チルノのパーフェクトさんすうタイム!!!
23%
252 ドーナツホール
23%
250 仮想現実のテレスコープ
23%
246 リトルホワイトウィッチ
23%
242 三瀬川乱舞
23%
335 鬼走曲第24番
23%
255 4+1のそれぞれの未来
23%
240 Beat Again
23%
250 Challengers
23%
241 Destination 2F29
23%
256 Garakuta Doll Play
23%
280 Genesis Ray
23%
255 Hello, Mr.JOKER
23%
256 Hello, Worldooon!!
23%
296 INSPION
23%
250 LECIEL GLISSANDO
23%
280 Smile! Smile! Smile!
23%
256 †††カオスタイム the DARK†††
23%
316 蛇鉄
15%
280 絡繰回廊
15%
274 ロストアンブレラ
15%
270 青空のラプソディ
15%
270 サラえる
15%
266 有頂天ビバーチェ
15%
259 やってみよう
15%
254 ともに
15%
244 女帝 〜インバラトゥーラ〜
15%
244 ファミリードンドン
15%
240 さよならワーリャ
15%
240 白鳥の湖
15%
240 カラフルボイス
15%
240 モノクロボイス
15%
250 ケチャドン2000
15%
240 Agent Hustle & Dr. Hassle
15%
252 Amber Light
15%
250 GO! GO! MANIAC
15%
272 GORI × GORI × SafaRI
15%
240 Help me, さいたま2000!!
15%
246 Ignis Danse
15%
240 MEGALOVANIA
15%
250 memoria ficta
15%
255 Player’s High
15%
240 パン vs ごはん! 大決戦!
15%
276 White Rose Insanity
15%
254 XY&Z
15%
270 イイコ進化論
8%
258 星のカービィ スターアライズメドレー
8%
250 ガッツだぜ!!
8%
240 ぷるぷるしんぷる
8%
240 風たちの声
8%
240 六華の舞
8%
276 Abandoned Temple Final 2nd
8%
250 Aleph-0
8%
288 Asteroid
8%
252 DIMENSIONS
8%
262 Feed A
8%
248 GOING TO LUNATEA
8%
280 RESTART
8%
240 RIDGE RACER STEPS -GMT remix-
8%
272 THE FIXER
8%
No matching quizzes found
Score Distribution
Percent of People with Each Score
Percentile by Number Answered
Your Score History
You have not taken this quiz